The Arab Gulf states : steps toward political participation /

Bibliographic Details
Main Author: Peterson, John, 1947-
Corporate Author: Center for Strategic and International Studies (Washington, D.C.)
Format: Book
Language:English
Published: New York : Praeger, [1988]
Series:Washington papers ; 131.
Subjects:

MARC

Tag First Indicator Second Indicator Subfields
LEADER 00000cam a22000008a 4500
001 in00000009041
005 20151007051450.0
008 870911s1988 nyu b 00110 eng
010 |a  87025836  
020 |a 0275928810 (alk. paper) 
020 |a 0275928829 (pbk. : alk. paper) 
035 |a (OCoLC)16754110 
035 |9 AAA3113AM 
040 |a DLC  |c DLC  |d TXA  |d UtOrBLW 
043 |a ap----- 
049 |a TXAM  |c [A12637030] 
050 0 0 |a JQ1825.P459  |b P48 1987 
050 4 |a JQ1825.P459  |b P48 1988 
082 0 |a 323/.042/09536  |2 19 
100 1 |a Peterson, John,  |d 1947- 
245 1 4 |a The Arab Gulf states :  |b steps toward political participation /  |c J.E. Peterson. 
264 1 |a New York :  |b Praeger,  |c [1988] 
264 4 |c ©1988 
300 |a xiii, 155 pages 
336 |a text  |b txt  |2 rdacontent 
337 |a unmediated  |b n  |2 rdamedia 
338 |a volume  |b nc  |2 rdacarrier 
490 1 |a Washington papers,  |x 0278-937x ;  |v 131 
500 |a "Published with the Center for Strategic and International Studies, Washington, D.C." 
504 |a Includes bibliographies and index. 
650 0 |a Representative government and representation  |z Persian Gulf States. 
650 0 |a Political participation  |z Persian Gulf States. 
650 0 |a Legislative bodies  |z Persian Gulf States. 
651 0 |a Persian Gulf States  |x Politics and government. 
710 2 |a Center for Strategic and International Studies (Washington, D.C.) 
830 0 |a Washington papers ;  |v 131. 
999 |a MARS 
999 f f |s 999ba5f1-b03a-357c-be5a-07d82e11df88  |i 1722aee3-2a1c-374a-8a29-b35ad2aa6334  |t 0 
952 f f |p ric  |a Texas A&M University  |b Rellis Campus  |c Joint Library Facility  |d Remote Storage  |t 0  |e JQ1825.P459 P48 1988  |h Library of Congress classification  |i unmediated -- volume  |m A14812637030 
998 f f |a JQ1825.P459 P48 1988  |t 0  |l Remote Storage